000 00588nam a2200217 i 4500
001 bg
100 1 _aMICHAŁKIEWICZ, Piotr
245 0 _aProgramowanie w języku Turbo-Pascal 7.0 /
_cPiotr Michałkiewicz, Ireneusz Śwituszak.
260 _aWarszawa :
_b'Lynx-SFT",
_c1993.
300 _a351 s. ;
_c21 cm.
650 9 _aTurbo Pascal
655 _aPodręczniki
700 1 _aŚWITUSZAK, Ireneusz
020 _a8385455337
040 _cBPK
041 _apol
080 _a519.682:681.322.06
920 _a83-85455-33-7
942 _cKS
008 s pl f |000 0 pol
999 _c6277
_d6277